00485 2200193 4500001002100000005001500021008004100036020002200077035001900099041000700118082001200125090001800137100002600155245003600181260003100217300002500248500000600273650001200279INLIS00000000000289720241224112624241224||||||||| | ||| |||| || |  a978-979-084-835-1 0010-1224002897 aen0 a959.801 a959.801 LAN g0 aLangit Kresna Hariadi00aGajah Mada : Takhta dan Angkara aSolobTiga Serangkaic2012 axii, 508 hlm.; 21 cm a1 0aSejarah